| 000 -ლიდერი |
| ფიქსირებული სიგრძის საკონტროლო ველი |
00986nam a22001697a 4500 |
| 003 - საკონტროლო ნომრის იდენტიფიკატორი |
| საკონტროლო ველი |
Ge_BSU |
| 005 - ბოლო ოპერაციის თარიღი და დრო |
| საკონტროლო ველი |
20260112171307.0 |
| 008 - ფიქსირებული სიგრძის მონაცემთა ელემენტები - ზოგადი ინფორმაცია |
| ფიქსირებული სიგრძის საკონტროლო ველი |
260112s1968 ge ||||| |||| 00| 0 geo d |
| 041 ## - ენის კოდი |
| Language code of text/sound track or separate title |
geo |
| 080 ## - უნივერსალური ათობითი კლასიფიკაციის ინდექსი |
| Universal Decimal Classification number |
911.3:33(479.22) ს-91 |
| 245 ## - ცნობა სათაურის შესახებ |
| Title |
სუბტროპიკული რაიონების ეკონომიურ-გეოგრაფიული ნარკვევი : |
| Remainder of title |
სამეგრელო / |
| Statement of responsibility, etc |
ვახუშტის სახ. გეოგრ. ინ-ტი. |
| 264 ## - წარმოების, გამოცემის, დისტრიბუციის და სხვა ცნობები |
| გამოცემის, წარმოების, დისტრიბუციის... ადგილი |
თბილისი : |
| გამოცემის, წარმოების, დისტრიბუციის... სახელწოდება |
მეცნიერება, |
| გამოცემის, წარმოების, დისტრიბუციის... თარიღი |
1968. |
| 300 ## - ფიზიკური აღწერა |
| Extent |
175 გვ. ; |
| Other physical details |
21 სმ. |
| 653 ## - INDEX TERM--UNCONTROLLED |
| Uncontrolled term |
სამეგრელოს ეკონომიური გეოგრაფია |
| 710 ## - ADDED ENTRY--CORPORATE NAME |
| Corporate name or jurisdiction name as entry element |
საქაქრთველოს სსრ. მეცნიერებათა აკადემია |
| Subordinate unit |
ვახუშტის სახ. გეოგრაფიის ინსტიტუტი. |
| 9 (RLIN) |
26648 |
| 942 ## - ADDED ENTRY ELEMENTS (KOHA) |
| Source of classification or shelving scheme |
|
| Koha item type |
წიგნი |